Primetime Emmy Winners for Lead Acting in a Drama Series - Statistics

General Stats
  • This quiz has been taken 57 times
    28 since last reset
  • The average score is 49 of 92
Answer Stats
Year Show Leading Actor % Correct
2014 Breaking Bad Bryan Cranston
90%
2010 Breaking Bad Bryan Cranston
90%
2009 Breaking Bad Bryan Cranston
90%
2008 Breaking Bad Bryan Cranston
90%
2003 The Sopranos James Gandolfini
90%
2001 The Sopranos James Gandolfini
90%
2000 The Sopranos James Gandolfini
90%
2025 The Pitt Noah Wyle
85%
2021 The Crown Olivia Colman
85%
2021 The Crown Josh O'Connor
80%
2023 Succession Keiran Culkin
80%
2006 24 Kiefer Sutherland
80%
2016 Mr. Robot Rami Malek
80%
2015 How to Get Away with Murder Viola Davis
80%
2004 The West Wing Allison Janney
75%
2002 The West Wing Allison Janney
75%
2019 Pose Billy Porter
75%
2013 Homeland Claire Danes
75%
2012 Homeland Claire Danes
75%
2017 The Handmaid's Tale Elisabeth Moss
75%
2009 Damages Glenn Close
75%
2008 Damages Glenn Close
75%
2020 Succession Jeremy Strong
75%
2022 Euphoria Zendaya
75%
2020 Euphoria Zendaya
75%
2018 The Crown Claire Foy
70%
2003 The Sopranos Edie Falco
70%
2001 The Sopranos Edie Falco
70%
1999 The Sopranos Edie Falco
70%
2013 The Newsroom Jeff Daniels
70%
2015 Mad Men Jon Hamm
70%
1986 St. Elsewhere William Daniels
70%
1985 St. Elsewhere William Daniels
70%
1989 In the Heat of the Night Carroll O'Connor
65%
1997 The X-Files Gillian Anderson
65%
2007 Boston Legal James Spader
65%
2005 Boston Legal James Spader
65%
2004 The Practice James Spader
65%
2019 Killing Eve Jodi Comer
65%
2014 The Good Wife Julianna Margulies
65%
2011 The Good Wife Julianna Margulies
65%
2006 Law & Order: Special Victims Unit Mariska Hargitay
65%
2023 Succession Sarah Snook
65%
2017 This is Us Sterling K. Brown
65%
2012 Homeland Damian Lewis
60%
2018 The Americans Matthew Rhys
60%
2011 Friday Night Lights Kyle Chandler
55%
1998 Homicide: Life on the Street Andre Braugher
50%
2024 Shogun Anna Sawai
50%
2025 Severance Britt Lower
50%
1987 Moonlighting Bruce Willis
50%
2022 Squid Game Lee Jung-jae
50%
2005 Medium Patricia Arquette
50%
1990 Columbo Peter Falk
50%
2016 Orphan Black Tatiana Maslany
50%
1984 Magnum, P.I. Tom Selleck
50%
1988 Cagney & Lacey Tyne Daly
50%
1985 Cagney & Lacey Tyne Daly
50%
1984 Cagney & Lacey Tyne Daly
50%
1983 Cagney & Lacey Tyne Daly
50%
2010 The Closer Kyra Sedgwick
45%
2007 Brothers & Sisters Sally Field
45%
2024 Shogun Hiroyuki Sanada
40%
2002 The Shield Michael Chiklis
40%
1999 NYPD Blue Dennis Franz
35%
1997 NYPD Blue Dennis Franz
35%
1996 NYPD Blue Dennis Franz
35%
1994 NYPD Blue Dennis Franz
35%
1980 Lou Grant Ed Asner
35%
1987 Cagney & Lacey Sharon Gless
35%
1986 Cagney & Lacey Sharon Gless
35%
1980 Dallas Barbara Bel Geddes
30%
1992 China Beach Dana Delany
30%
1989 China Beach Dana Delany
30%
2000 Once and Again Sela Ward
25%
1994 Sisters Sela Ward
25%
1998 Chicago Hopes Christine Lahti
20%
1995 Chicago Hope Mandy Patinkin
20%
1993 Picket Fences Tom Skerritt
20%
1982 Hill Street Blues Daniel J. Travanti
15%
1981 Hill Street Blues Daniel J. Travanti
15%
1991 Gabriel's Fire James Earl Jones
15%
1996 Picket Fences Kathy Baker
15%
1995 Picket Fences Kathy Baker
15%
1993 Picket Fences Kathy Baker
15%
1991 Thirtysomething Patricia Wettig
15%
1990 Thirtysomething Patricia Wettig
15%
1981 Hill Street Blues Barbara Babcock
10%
1992 Road to Avonlea Christopher Lloyd
10%
1983 St. Elsewhere Ed Flanders
10%
1982 Nurse Michael Learned
10%
1988 A Year in the Life Richard Kelly
0%
No matching quizzes found
Score Distribution
Percent of People with Each Score
Percentile by Number Answered
Your Score History
You have not taken this quiz since the last reset